Rubbers and latices- Nomenclature (Record no. 74031)

MARC details
000 -LEADER
fixed length control field 00353nam a2200121Ia 4500
245 #0 - TITLE STATEMENT
Title Rubbers and latices- Nomenclature
260 ## - PUBLICATION, DISTRIBUTION, ETC. (IMPRINT)
Place of publication Switzerland
260 ## - PUBLICATION, DISTRIBUTION, ETC. (IMPRINT)
Year of publication 1995
Name of publisher International Organization for Standardization
500 ## - GENERAL NOTE
General note Standard number: ISO 1629. Ed 3
650 ## - SUBJECT ADDED ENTRY--TOPICAL TERM
Topical Term Rubber latices
942 ## - ADDED ENTRY ELEMENTS (KOHA)
Koha item type Standards
Holdings
Withdrawn status Lost status Damaged status Not for loan Home library Current library Date acquired Koha item type
      Standards RRII Library RRII Library 31/12/2021 Standards